000 00881nam a2200241Ia 4500
003 OSt
005 20220923223440.0
006 a|||||r|||| 00| 0
007 ta
008 220922b |||||||| |||| 00| 0 hin d
024 _a215,681
037 _cTextual
040 _aARTS
_cARTS
_bhin
041 _2hin
_ahin
082 _aY5927C, 152P2
100 _aसुमनाक्षर, सोहनपाल
245 0 _aआदिम जाति चमार* इतिहास, धर्म व संस्कृति
246 _aĀdim jāti chamāra: itihāsa, dharma v sanskṛuti
260 _aदिल्ली
_b भारतीय दलित साहित्य अकादमी
_c2002
300 _a254 पृ.
_ccm.
942 _hY5927C, 152P2
_cTEXL
_2CC
999 _c365365
_d365365